Statistics for twilight characters

Click here to take the quiz!

General Stats

  • This quiz has been taken 71 times
  • The average score is 24 of 76

Answer Stats

Answer% Correct
bella swan
94%
edward cullen
89%
charlie swan
80%
jacob black
76%
alice cullen
74%
carlisle cullen
74%
esme cullen
69%
jasper hale
65%
emmett cullen
63%
rosalie hale
63%
billy black
57%
leah clearwater
54%
renesmee cullen
54%
seth clearwater
52%
Aro
52%
victoria
52%
james
52%
jane
50%
Laurent
48%
alec
46%
mike newton
46%
caius
44%
jessica stanley
41%
marcus
39%
sue clearwater
37%
tanya
37%
harry clearwater
37%
kate
33%
felix
33%
angela weber
31%
Irina
31%
benjamin
31%
demetri
30%
garrett
30%
embry call
30%
tyler
28%
zafrina
28%
phil
26%
amun
24%
paul
24%
eric yorkie
24%
eleazar
24%
riley biers
22%
Quil ateara
22%
carmen
22%
jared
22%
mary
20%
charlotte
19%
senna
19%
peter
19%
emily young
19%
tia
17%
sasha
17%
bree tanner
17%
vladimir
15%
randall
15%
kebi
15%
maggie
13%
liam
11%
huilen
11%
santiago
9%
siobhan
9%
nahuel
9%
renee dywer
7%
sulpicia
6%
toshiro
6%
yvette
6%
henri
6%
athenodora
4%
minister weber
4%
maitre d
4%
1st victoria
4%
roy king
4%
sam ulley
4%
zena
2%
allister
2%

Score Distribution

Percentile by Number Answered

Percent of People with Each Score

Your Score History

You have not taken this quiz